Biggest hits of Steven Spielberg - Statistics

General Stats
  • This quiz has been taken 45 times
  • The average score is 6 of 10
Answer Stats
Gross Answer % Correct
$471.2 million Jaws
97%
$792.9 million E.T. the Extra Terrestrial
88%
$390.1 million Raiders of the Lost Ark
84%
$1.03 billion Jurassic Park
78%
$482.3 million Saving Private Ryan
72%
$618.6 million The Lost World:Jurassic Park
56%
$474.3 million Indiana Jones and the Last Crusade
53%
$591.7 million War of the Worlds
38%
$582.9 million Ready Player One
28%
$786.6 million Indiana Jones and the Kingdom of the Crystal Skull
19%
No matching quizzes found
Score Distribution
Percent of People with Each Score
Percentile by Number Answered
Your Score History
You have not taken this quiz